Psicología antropólogica: condición humana
में बचाया:
| मुख्य लेखक: | |
|---|---|
| स्वरूप: | पुस्तक |
| भाषा: | स्पेनिश |
| प्रकाशित: |
Ciudad de México
Trillas
1975
|
| श्रृंखला: | Que es el hombre?, 3
|
| विषय: | |
| टैग: |
टैग जोड़ें
कोई टैग नहीं, इस रिकॉर्ड को टैग करने वाले पहले व्यक्ति बनें!
|
MARC
| LEADER | 00000nam a2200000 a 4500 | ||
|---|---|---|---|
| 001 | UCY5679 | ||
| 003 | CL-VaPUC | ||
| 008 | 950512e19750000MX |||||||||||||||||spa|d | ||
| 082 | 0 | 4 | |a 150 |b ORI |2 21 |
| 100 | |a Oriol Anguera, Antonio |e autor |9 334748 | ||
| 245 | 1 | 0 | |a Psicología antropólogica: condición humana |
| 300 | |a 121 p | ||
| 942 | |c BK | ||
| 945 | |d 19950512 00:00:00 |a mfernand | ||
| 260 | |a Ciudad de México |b Trillas |c 1975 | ||
| 650 | 0 | |a Psicología |9 257863 | |
| 650 | 7 | |a HOMBRE |2 CL-VaPUC |9 262149 | |
| 650 | 0 | |a Antropología |9 233030 | |
| 650 | 0 | |a Muerte |9 265114 | |
| 650 | 7 | |a INSTINTOS |2 CL-VaPUC |9 334636 | |
| 650 | 0 | |a Evolución |9 259442 | |
| 650 | 7 | |a PLACER |2 CL-VaPUC |9 321616 | |
| 650 | 0 | |a Dolor |9 313052 | |
| 650 | 0 | |a Emociones |9 265224 | |
| 650 | 7 | |a MATRIMONIO |2 CL-VaPUC |9 334749 | |
| 650 | 0 | |a Familias |9 255641 | |
| 650 | 0 | |a Inteligencia |9 267038 | |
| 650 | 0 | |a Desarrollo mental |9 313003 | |
| 650 | 0 | |a Cerebro |9 307262 | |
| 650 | 7 | |a PSICOLOGIA AFECTIVA |2 CL-VaPUC |9 334750 | |
| 650 | 0 | |a Desarrollo afectivo |9 334359 | |
| 650 | 0 | |a Fenomenología |9 256519 | |
| 583 | |a last modification |c 20140827 05:50:40 |k Rodrigo Vera | ||
| 490 | 0 | |a Que es el hombre?, 3 | |
| 999 | |c 233307 |d 233305 | ||
| 952 | |0 0 |1 0 |4 0 |6 150_000000000000000_ORI_1975 |7 0 |8 A |9 238734 |a BIBEDU |b BIBEDU |d 2019-11-18 |h v.1 |i 1505017 |o 150 ORI 1975 |p 1505017 |r 2019-11-18 |w 2019-11-18 |y BK |k EDU | ||